000 00581 a2200181 4500
999 _c2396
_d2396
020 _a 9780409044805
050 _aKTL515.5 SCH 2011
100 _aSchafer,Lawrence
_eauthor
245 _aChild law in South Africa:
_bDomestic and International perspectives/
_cLawrence Schafer
264 _aDurba;South Africa:
_bLexisNexis,
_c2011
300 _a703p.
500 _aIncludes bibliographical references and index
650 _aChildern--
_xLegal status
650 _aParent - Child law
650 _aChildren's rights
651 _aSouth Africa
942 _2lcc
_cBK
_h515.5
_iSCH
_kKTL